Review of tropical plant pathology. V 3. Vegetable diseases (Record no. 40200)

MARC details
000 -LEADER
fixed length control field 00413nam a2200145Ia 4500
082 ## - DEWEY DECIMAL CLASSIFICATION NUMBER
Classification number 581.2(213.5)
Item number REV.3
245 #0 - TITLE STATEMENT
Title Review of tropical plant pathology. V 3. Vegetable diseases
260 ## - PUBLICATION, DISTRIBUTION, ETC. (IMPRINT)
Place of publication Delhi
Name of publisher Today and Tomorrow
Year of publication 1989
650 ## - SUBJECT ADDED ENTRY--TOPICAL TERM
Topical Term Cowpea virus
650 ## - SUBJECT ADDED ENTRY--TOPICAL TERM
Topical Term Vegetable diseases
700 ## - ADDED ENTRY--PERSONAL NAME
Personal name Raychaudhuri, S P
700 ## - ADDED ENTRY--PERSONAL NAME
Personal name Verma, J P
942 ## - ADDED ENTRY ELEMENTS (KOHA)
Koha item type Books
Holdings
Withdrawn status Lost status Damaged status Not for loan Home library Current library Date acquired Cost, normal purchase price Full call number Accession Number Koha item type
        RRII Library RRII Library 16/12/2021 695.00 581.2(213.5) REV.3 20507 Books